000 00314nam a22001337a 4500
008 181019b xxu||||| |||| 00| 0 eng d
020 _a9780534251222
041 _aeng
080 _25 ED
_a311
100 _a55
101 _aSTA
245 _aStatistical Methods And Data Analysis
_cOtt.R.L
942 _2udc
_cBK
999 _c50201
_d50201